000 00354nam a2200145Ia 4500
003 OSt
005 20240311102659.0
008 170523s9999 xx 000 0 und d
020 _a978-9381348857
040 _cIIMT UNIVERSITY MEERUT
100 _aGupta- R.C.
245 0 _aBuilding Technology
260 _aNew Delhi : Vayu Education
942 _2ddc
_c02
999 _c11691
_d11691